Cómo diseñar proyectos comunitarios. guía teórica-práctica (Registro nro. 11122)
[ vista simple ]
| 000 -CABECERA | |
|---|---|
| campo de control de longitud fija | 00469nam a22001817a 4500 |
| 001 - NÚMERO DE CONTROL | |
| campo de control | T027600010173 |
| 008 - DATOS DE LONGITUD FIJA--INFORMACIÓN GENERAL | |
| campo de control de longitud fija | 181111b xve|||||r|||| 00| | esp d |
| 020 ## - NÚMERO INTERNACIONAL ESTÁNDAR DEL LIBRO | |
| Número Internacional Estándar del Libro | 980-6826-01-6 |
| 099 ## - SIGNATURA TOPOGRÁFICA LOCAL | |
| Número de clasificación | 307 |
| Cutter | R763 |
| 100 ## - ENTRADA PRINCIPAL--NOMBRE DE PERSONA | |
| Nombre de persona | Romero de Yragorry, Bienvenida |
| 245 ## - MENCIÓN DE TÍTULO | |
| Título | Cómo diseñar proyectos comunitarios. guía teórica-práctica |
| 260 ## - PUBLICACIÓN, DISTRIBUCIÓN, ETC. (PIE DE IMPRENTA) | |
| Lugar de publicación, distribución, etc. | |
| 300 ## - DESCRIPCIÓN FÍSICA | |
| Extensión | 124p. |
| 500 ## - NOTA GENERAL | |
| Nota general | Impreso |
| 650 ## - PUNTO DE ACCESO ADICIONAL DE MATERIA--TÉRMINO DE MATERIA | |
| Término de materia o nombre geográfico como elemento inicial | Comunidad. |
| 650 ## - PUNTO DE ACCESO ADICIONAL DE MATERIA--TÉRMINO DE MATERIA | |
| Término de materia o nombre geográfico como elemento inicial | Elaboración de Proyectos |
| 942 ## - ELEMENTOS DE PUNTO DE ACCESO ADICIONAL (KOHA) | |
| Tipo de ítem Koha | Libro |
| Estado de retiro | Estado de pérdida | Estado dañado | No para préstamo | Localización permanente | Ubicación/localización actual | Fecha de adquisición | Total de préstamos | Signatura topográfica completa | Código de barras | Fecha visto por última vez | Precio válido a partir de | Tipo de ítem Koha |
|---|---|---|---|---|---|---|---|---|---|---|---|---|
| Oscar Varsavsky | Oscar Varsavsky | 13.11.2018 | 307 R763 | T027600013039 | 13.11.2018 | 13.11.2018 | Libro |